| 000 | 00670pam a2200229 a 4500 | ||
|---|---|---|---|
| 999 |
_c2420 _d2420 |
||
| 001 | 013267881 | ||
| 003 | UkOxU | ||
| 005 | 20230510094552.0 | ||
| 008 | 960401r19961994enka j 000 1 eng d | ||
| 015 | _aGB 96-29826 | ||
| 020 | _a9780140369311 | ||
| 035 | _aBNB2385.462 | ||
| 040 |
_aKH8 _cDB/U-1 |
||
| 082 | 0 |
_a823.914 FIN _220 |
|
| 100 | 1 |
_aFine, Anne. _eAuthor |
|
| 245 | 1 | 4 |
_aThe diary of a killer cat / _cAnne Fine ; illustrated by Steve Cox. |
| 260 |
_aLondon : _bPuffin, _c1996, c1994. |
||
| 300 |
_a55 p. : _bill. ; _c20 cm. |
||
| 500 | _aOriginally published: London: Hamish Hamilton, 1994. | ||
| 700 | 1 |
_aCox, Steve, _d1961- _eillustrator |
|
| 942 |
_2ddc _cFIC |
||